000 00455cam a2200181ua 4500
001 916
008 110423n ii |||gr||||Z||||||eng
040 _cMAIN
082 _a320.954
245 1 _aAfter Nehru. :
_bIndia`s new image. /
_cBy G S Bhargava.
250 _a1st.
260 _aCalcutta.:
_bAllied publisher.,966.
300 _a447 p.:
_c32 cm.
653 _aPolitical science.
653 _aAfter Nehru.
700 1 _aBhargava, G S.,
942 _cBK
999 _c839
_d839